00340nam a2200121Ia 45000010005000000080041000050820017000461000058000632450031001212600024001529010027001769990015002032901241024s9999 xx 000 0 und d aRD/628/R426c aRepública Dominicana. Ministerio de Salud Pública 0aCoordinación en Acción bSanto Domingoc2012 a13/6/2013 2:54:26 p.m. c8016d8016